Advances in spatial data handling : 10th International Symposium on Spatial Data Handling
Αποθηκεύτηκε σε:
| Κύριος συγγραφέας: | |
|---|---|
| Συγγραφή απο Οργανισμό/Αρχή: | |
| Άλλοι συγγραφείς: | |
| Μορφή: | Πρακτικό Συνεδρίου Βιβλίο |
| Γλώσσα: | English |
| Δημοσίευση: |
Berlin :
Springer,
c2002
|
| Θέματα: | |
| Ετικέτες: |
Προσθήκη ετικέτας
Δεν υπάρχουν, Καταχωρήστε ετικέτα πρώτοι!
|
MARC
| LEADER | 00000nam a2200000 i 4500 | ||
|---|---|---|---|
| 001 | 1/64906 | ||
| 008 | 041105s2002 eng d | ||
| 020 | |a 3-540-43802-5 | ||
| 035 | |l 10075101 | ||
| 040 | |a GR-MY-UA |b gre |e aacr | ||
| 041 | 0 | |a eng | |
| 082 | 0 | |a 910.285 RIC |2 (21) | |
| 100 | 1 | |a Richardson, D. E. | |
| 245 | 1 | 0 | |a Advances in spatial data handling : |b 10th International Symposium on Spatial Data Handling / |c Dianne E. Richardson, Peter van Oosterom (eds.) |
| 260 | |a Berlin : |b Springer, |c c2002 | ||
| 300 | |a xii, 562 σ.; |b εικ., πιν., χαρτ., διαγρ.; |c 24 εκ.+ |e 1 οπτικός δίσκος λέιζερ Η/Υ (4 3/4 ιν.) | ||
| 504 | |a Περιέχει βιβλιογραφία και ευρετήριο | ||
| 650 | 0 | 0 | |a Geographic information systems |v Congresses. |
| 700 | 1 | |a Oosterom, Petrus Johannes Maria van. | |
| 711 | 2 | |a International Symposium on Spatial Data Handling |n (10th : |d 2002 : |c Ottawa, Canada) | |
| 852 | |a INST |b LESVOS |e 20041105 |h 910.285 RIC |p 005100030953 |q 005100030953 |t BK |y 0 | ||
| 852 | |a INST |b LESVOS |e 20041111 |h 910.285 RIC |p 005100030952 |q 005100030952 |t BK |y 0 | ||
| 901 | |a BIBL1-2004-3 | ||
| 909 | |a Λ |b 115150 | ||
| 909 | |a Λ |b 115151 | ||
| 922 | |a 1ΕΛΗ |b 200410 |c ΕΠΕΑΕΚ2/ΤΓ |d ΜΙΧΑΛΟΠΟΥΛΟΣ | ||
| 950 | |a 118-2004-06-14 | ||
| 970 | |a ΧΡΙΣΤΟΦΑ |b ΝΙΚΗ |z 2004/11/11 | ||